000 00975nam a2200277 a 4500
001 BRL_430
005 20190320210734.0
008 120813s1951----u--a######---#000-0#eng-#
041 _aeng
044 _au
050 4 _aQH1
_b.W67 1951
100 1 _aWormington, H. M.
_d1914-
_q(Hannah Marie)
_923888
245 1 0 _aPrehistoric indians of the Southwest
_cby H. M. Wormington ; appendix: Outstanding exhibit-sites, modern pueblos. Local museums by Erik K. Reed.
250 _a2
260 _aDenver, Colorado
_bThe Denver Museum Of Natural History
_c1951
300 _a191 p.
_bil.
_c23 cm.
440 0 _aPopular Series
_v7
_923889
500 _aIncluye glosario e índice alfabético
500 _aAu455
504 _aBibliografía: p. [174]-180
650 1 4 _aIndígenas de América del Norte
_xAntigüedades
_zNuevo Suroeste
_923890
651 4 _aNuevo Suroeste
_xAntigüedades
_923891
700 1 _aReed, Erik Kellerman
_d1914-
_923892
902 _aGRL
942 _2lcc
_cB
999 _c9242
_d9242